[Event "Moscow Open 2009 B"]
[Site "www.moscowchessopen.ru"]
[Date "2009.02.06"]
[Round "7.123"]
[White "Zhuravliev, Vladilen"]
[Black "Kuleshov, Viktor"]
[Result "0-1"]
[WhiteElo "2097"]
[BlackElo "1891"]
[Annotator ""]
[Source ""]
[Remark ""]

1.Nf3 c5 2.b3 Nf6 3.Bb2 e6 4.e3 a6 5.c4 Be7 6.Nc3 O-O 7.d4 d5
8.dxc5 Bxc5 9.cxd5 exd5 10.Rc1 Ba7 11.Nd4 Nc6 12.Nxc6 bxc6 13.Na4
Ne4 14.Bd4 Qd6 15.Bxa7 Rxa7 16.Qd4 Re7 17.f3 Qa3 18.Rc2 Nd6 19.Re2
Rfe8 20.Qc3 Nf5 21.e4 dxe4 22.Qxc6 Nd4 23.Qc5 Qxc5 24.Nxc5 Nxe2 0-1

[Event "Moscow Open 2009 B"]
[Site "www.moscowchessopen.ru"]
[Date "2009.02.06"]
[Round "7.124"]
[White "Knyazev, Nikolay"]
[Black "Andreev, Gennadiy"]
[Result "0-1"]
[WhiteElo "1999"]
[BlackElo "2095"]
[Annotator ""]
[Source ""]
[Remark ""]

1.e4 c5 2.Nf3 d6 3.d4 cxd4 4.Nxd4 Nf6 5.Nc3 a6 6.g3 e5 7.Nde2
Be7 8.Bg2 Qc7 9.h3 b5 10.g4 h6 11.a3 Bb7 12.Ng3 g6 13.O-O Nbd7
14.a4 b4 15.Na2 a5 16.c3 Nc5 17.cxb4 Ncxe4 18.Nxe4 Nxe4 19.Qe2
f5 20.gxf5 gxf5 21.Qh5+ Kd8 22.Qxf5 Rg8 23.f3 Qb6+ 24.Kh2 Ng3
25.Qd3 Nxf1+ 26.Qxf1 axb4 27.b3 d5 28.Bd2 Ba6 29.Qe1 Qg6 30.Qf2
Bc5 31.Qh4+ Kc7 32.Qg4 Qc2 33.Nxb4 Qxd2 34.Ra2 Qxb4 35.Qe6 Qf4+ 0-1

[Event "Moscow Open 2009 B"]
[Site "www.moscowchessopen.ru"]
[Date "2009.02.06"]
[Round "7.125"]
[White "Safoev, Zarif"]
[Black "Piskun, Alexey"]
[Result "0-1"]
[WhiteElo "1959"]
[BlackElo "2095"]
[Annotator ""]
[Source ""]
[Remark ""]

1.e4 c5 2.Nf3 Nc6 3.d4 cxd4 4.Nxd4 Qb6 5.Nb3 Nf6 6.Nc3 e6 7.Be3
Qc7 8.a3 a6 9.Be2 Be7 10.O-O O-O 11.f4 d6 12.Bf3 Rb8 13.a4 b6
14.Qe2 Na5 15.Nxa5 bxa5 16.Rab1 Rb4 17.Qd3 Bb7 18.b3 Rc8 19.Na2
Bxe4 20.Bxe4 Rxe4 21.c4 d5 22.Bd2 dxc4 23.bxc4 Qc5+ 24.Kh1 Qxc4
25.Qf3 Qxa2 0-1

[Event "Moscow Open 2009 B"]
[Site "www.moscowchessopen.ru"]
[Date "2009.02.06"]
[Round "7.126"]
[White "Gorshkov, Anatoly"]
[Black "Sadikhov, Ulvi Ramil Oglu"]
[Result "0-1"]
[WhiteElo "2093"]
[BlackElo "1885"]
[Annotator ""]
[Source ""]
[Remark ""]

1.c4 g6 2.Nc3 Bg7 3.g3 d6 4.Bg2 Nc6 5.e3 e5 6.Nge2 Nf6 7.d4 O-O
8.O-O Re8 9.d5 Ne7 10.e4 Nh5 11.h3 f5 12.f3 h6 13.Bd2 c6 14.b4
b5 15.dxc6 bxc4 16.b5 f4 17.g4 Nf6 18.Be1 Be6 19.Bf2 d5 20.exd5
Nexd5 21.Qc2 Bf7 22.Rfd1 Qe7 23.a3 Rab8 24.Rdb1 Qc7 25.Ne4 Ne3
26.Qc1 Nxe4 27.fxe4 Red8 28.Nc3 Rd3 29.Bxe3 Rxe3 30.Ra2 Bf8 31.Kh1
Bc5 32.a4 f3 33.Bf1 Qd8 34.Nd5 Bxd5 35.exd5 Qh4 36.Rh2 Qg3 37.Bxc4
f2 38.d6+ Kh7 39.Qxe3 0-1

[Event "Moscow Open 2009 B"]
[Site "www.moscowchessopen.ru"]
[Date "2009.02.06"]
[Round "7.127"]
[White "Stroganov, Andrey"]
[Black "Bykov, Evgeny"]
[Result "1-0"]
[WhiteElo "1915"]
[BlackElo "2090"]
[Annotator ""]
[Source ""]
[Remark ""]

1.b3 d6 2.Bb2 Nd7 3.d4 Ngf6 4.d5 g6 5.c4 Bg7 6.Nf3 c6 7.dxc6
bxc6 8.g3 Qb6 9.e3 O-O 10.Be2 a5 11.O-O a4 12.Bc3 Nc5 13.Nbd2
axb3 14.axb3 Rb8 15.b4 Nce4 16.Nxe4 Nxe4 17.Bxg7 Kxg7 18.Ra4
Kg8 19.Qa1 Bb7 20.Qb2 c5 21.b5 Qc7 22.Rc1 Qd7 23.Bf1 Qg4 24.Bg2
Nxg3 25.hxg3 Bxf3 26.Bxf3 Qxf3 27.Qc2 Ra8 28.Rca1 Qb7 29.Qa2
Rxa4 30.Qxa4 Rb8 31.Qd1 d5 32.cxd5 Qxb5 33.Ra7 Qb1 34.Qxb1 Rxb1+
35.Kg2 Kf8 36.Rc7 Rc1 37.Rc8+ Kg7 38.f4 f5 39.Kf3 Rc2 40.g4 c4
41.g5 c3 42.e4 Rh2 43.e5 Rd2 44.d6 Kf7 45.Rc7 Rd3+ 46.Ke2 Rd2+
47.Ke3 Ke8 48.Rxe7+ Kd8 49.Rc7 Rh2 50.Rxc3 Rh3+ 51.Kd4 Rh1 52.Kd5
Ra1 53.Kc6 Ra7 54.Rb3 Ra8 55.Rb7 Rb8 1-0

[Event "Moscow Open 2009 B"]
[Site "www.moscowchessopen.ru"]
[Date "2009.02.06"]
[Round "7.128"]
[White "Chapygin, Sergey"]
[Black "Borisov, Evgenij"]
[Result "0-1"]
[WhiteElo "2085"]
[BlackElo "1400"]
[Annotator ""]
[Source ""]
[Remark ""]

1.d4 Nf6 2.Nf3 c6 3.b3 d6 4.Nbd2 Bf5 5.Bb2 g6 6.Nh4 Bc8 7.e4
Bg7 8.Be2 O-O 9.O-O c5 10.c3 e5 11.dxc5 dxc5 12.Nhf3 Nc6 13.Qc2
Nh5 14.Rfd1 Nf4 15.Nc4 Qe7 16.Ne3 Be6 17.Bc4 Rad8 18.Rxd8 Rxd8
19.Rd1 Bxc4 20.Nxc4 b5 21.Ne3 b4 22.g3 bxc3 23.Bxc3 Nd4 24.Bxd4
cxd4 25.gxf4 dxe3 26.Rxd8+ Qxd8 27.fxe3 exf4 28.exf4 Bh6 29.f5
Bf4 30.Qc4 Qf6 31.Kg2 g5 32.Qd4 Qd6 33.Qf2 Qd3 34.h4 h6 35.hxg5
hxg5 36.Kh3 Qxe4 37.Qg2 Qxf5+ 38.Qg4 Qh7+ 39.Kg2 f5 0-1

[Event "Moscow Open 2009 B"]
[Site "www.moscowchessopen.ru"]
[Date "2009.02.06"]
[Round "7.129"]
[White "Gevondian, Arman"]
[Black "Golovnin, Maxim"]
[Result "1-0"]
[WhiteElo "2081"]
[BlackElo "1400"]
[Annotator ""]
[Source ""]
[Remark ""]

1.d4 e6 2.c4 Nf6 3.Nf3 d5 4.Nc3 Be7 5.Bg5 O-O 6.cxd5 exd5 7.e3
c6 8.Bd3 Nbd7 9.Qc2 Re8 10.O-O h6 11.Bf4 Nh5 12.Nxd5 Nxf4 13.Nxf4
Bd6 14.Ne2 Nf8 15.Bf5 Bc7 16.Rfd1 Be6 17.Bxe6 Nxe6 18.Nc3 Ng5
19.Qe2 Qd6 20.g3 Rad8 21.Nxg5 hxg5 22.d5 Ba5 23.Rac1 Rc8 24.Qg4
Bxc3 25.Rxc3 Rcd8 26.Rcd3 cxd5 27.Rxd5 Qxd5 28.Rxd5 Rxd5 29.Qa4
Ra8 30.Qb3 Rd7 31.Qb5 Rad8 32.Qxg5 Rd2 33.Qe7 R8d7 34.Qe8+ Kh7
35.h4 Rc7 36.h5 Rcc2 37.Qxf7 Rxb2 38.g4 Rb6 39.g5 Rdd6 40.Qf5+
Kg8 41.g6 Rd8 42.Qf7+ Kh8 43.h6 Rg8 44.hxg7+ Rxg7 45.Qf8+ Rg8
46.Qh6# 1-0

[Event "Moscow Open 2009 B"]
[Site "www.moscowchessopen.ru"]
[Date "2009.02.06"]
[Round "7.130"]
[White "Zaryvkina, Anastasia"]
[Black "Kan, Yuri"]
[Result "1-0"]
[WhiteElo "2081"]
[BlackElo "1400"]
[Annotator ""]
[Source ""]
[Remark ""]

1.e4 c5 2.Nf3 a6 3.d4 cxd4 4.Nxd4 e5 5.Nf3 Nf6 6.Bc4 Qc7 7.Bb3
Be7 8.O-O d6 9.Nc3 O-O 10.Bg5 Be6 11.Nd2 Nbd7 12.Qe2 b5 13.a3
Rac8 14.Bxe6 fxe6 15.Nf3 Qc4 16.Qxc4 Rxc4 17.Rfe1 h6 18.Bd2 Kh7
19.Rad1 g5 20.Bc1 Rfc8 21.Re2 Kg6 22.Ne1 Nc5 23.f3 Ne8 24.Be3
Nd7 25.Red2 Nc7 26.Ne2 d5 27.exd5 exd5 28.Bf2 a5 29.Ra1 Kf6 30.Rdd1
Ke6 31.g3 Rf8 32.Kg2 Nf6 33.Bb6 b4 34.axb4 axb4 35.Bxc7 Rxc7
36.Ra2 Rc6 37.Ra4 Rfc8 38.Rd3 d4 39.f4 Nd5 40.fxe5 Ne3+ 41.Kg1
Nxc2 42.Nxc2 Rxc2 43.Nxd4+ Kf7 44.e6+ Kg6 45.Nxc2 Rxc2 1-0

[Event "Moscow Open 2009 B"]
[Site "www.moscowchessopen.ru"]
[Date "2009.02.06"]
[Round "7.131"]
[White "Beliaev, Boris"]
[Black "Gusev, Denis"]
[Result "0-1"]
[WhiteElo "2080"]
[BlackElo "1400"]
[Annotator ""]
[Source ""]
[Remark ""]

1.e4 e6 2.d4 d5 3.e5 c5 4.Qg4 cxd4 5.Nf3 Nc6 6.a3 Nge7 7.Bd3
Ng6 8.Qg3 Qc7 9.Bf4 Nxf4 10.Qxf4 f6 11.O-O fxe5 12.Qg3 Bd6 13.Bxh7
e4 14.Qg6+ Qf7 15.Qxf7+ Kxf7 16.Bxe4 dxe4 17.Ng5+ Kg6 18.Nxe4
Bxh2+ 19.Kh1 e5 20.Nbd2 Bf5 21.g3 Bxg3+ 22.Kg2 Bf4 23.Rh1 Bxd2
24.Nxd2 e4 0-1

[Event "Moscow Open 2009 B"]
[Site "www.moscowchessopen.ru"]
[Date "2009.02.06"]
[Round "7.132"]
[White "Ivanov, Nikolay"]
[Black "Skoriak, Ivan"]
[Result "1-0"]
[WhiteElo "1400"]
[BlackElo "2080"]
[Annotator ""]
[Source ""]
[Remark ""]

1.d4 d5 2.Nf3 Nf6 3.c4 c6 4.Nc3 e6 5.Bg5 Nbd7 6.e3 h6 7.Bh4 Qb6
8.Qc2 Bb4 9.Bd3 Qa5 10.O-O Bxc3 11.bxc3 a6 12.a4 dxc4 13.Bxc4
O-O 14.e4 Re8 15.e5 Nd5 16.Rfc1 Nf8 17.Nd2 Qc7 18.a5 c5 19.Ne4
Ng6 20.Nd6 Rf8 21.Bxd5 exd5 22.Bg3 cxd4 23.cxd4 Qxc2 24.Rxc2
Ne7 25.Rac1 Nc6 26.f4 g6 27.Bf2 Rb8 28.Rc5 Be6 29.Rb1 Na7 30.Bh4
Nc6 31.Kf2 Nxd4 32.Be7 Rfe8 33.Nxe8 Rxe8 34.Rxb7 Nb5 35.Bf6 d4
36.Rb6 Nc3 37.Rc7 Bd5 38.Rxa6 g5 39.g3 Ne4+ 40.Ke2 Nxf6 41.Rxf6
gxf4 42.gxf4 Bc4+ 43.Kf3 1-0

[Event "Moscow Open 2009 B"]
[Site "www.moscowchessopen.ru"]
[Date "2009.02.06"]
[Round "7.133"]
[White "Khajkin, Boris"]
[Black "Borodin, Stanislav"]
[Result "0-1"]
[WhiteElo "1400"]
[BlackElo "2077"]
[Annotator ""]
[Source ""]
[Remark ""]

1.d4 Nf6 2.Nf3 e6 3.c4 d5 4.Nc3 c6 5.e3 Nbd7 6.cxd5 exd5 7.Bd3
Bd6 8.Bd2 O-O 9.Qc2 Re8 10.g4 Nf8 11.g5 Nh5 12.O-O-O Bg4 13.Be2
g6 14.Rdg1 Bf5 15.Qd1 Ng7 16.Nh4 Be6 17.f4 c5 18.Nf3 a6 19.Ne5
b5 20.Ng4 Nd7 21.Nh6+ Kf8 22.Bg4 b4 23.Ne2 c4 24.Kb1 Rc8 25.Bxe6
fxe6 26.h4 Qa5 27.Qe1 Nb6 28.h5 c3 29.Nxc3 bxc3 30.Bxc3 Qb5 31.hxg6
hxg6 32.Ng4 Na4 33.Qh4 Nh5 34.Rg2 Rxc3 35.Ne5 Rec8 36.a3 Rc1+
37.Rxc1 Rxc1+ 38.Kxc1 Qf1+ 39.Kd2 0-1

[Event "Moscow Open 2009 B"]
[Site "www.moscowchessopen.ru"]
[Date "2009.02.06"]
[Round "7.134"]
[White "Vyatkin, Aleksandr"]
[Black "Piatin, Oleg"]
[Result "1-0"]
[WhiteElo "1400"]
[BlackElo "2076"]
[Annotator ""]
[Source ""]
[Remark ""]

1.e4 c5 2.Nf3 Nc6 3.d4 cxd4 4.Nxd4 g6 5.Nc3 Bg7 6.Be3 Nf6 7.Bc4
O-O 8.Bb3 a5 9.f3 Nxd4 10.Bxd4 d6 11.Qd2 Bd7 12.a4 Bc6 13.h4
e6 14.h5 Qe7 15.O-O-O Rfd8 16.g4 Rd7 17.Kb1 Qd8 18.hxg6 hxg6
19.Rh3 Rb8 20.Rdh1 e5 21.Be3 b5 22.Bg5 Qb6 23.Bxf6 Bxf6 24.Qh6
d5 25.g5 Bg7 26.Qh8+ 1-0

[Event "Moscow Open 2009 B"]
[Site "www.moscowchessopen.ru"]
[Date "2009.02.06"]
[Round "7.135"]
[White "Larin, Maxim"]
[Black "Anfinogenov, Artem"]
[Result "0-1"]
[WhiteElo "1400"]
[BlackElo "2068"]
[Annotator ""]
[Source ""]
[Remark ""]

1.e4 c6 2.d4 d5 3.exd5 cxd5 4.c4 Nf6 5.Nc3 Nc6 6.Bg5 dxc4 7.d5
Ne5 8.Bxc4 Qb6 9.Bb3 Bf5 10.Be3 Qa6 11.Ba4+ Bd7 12.Bc2 Nc4 13.Bc1
e6 14.Qe2 Bb4 15.dxe6 Bxe6 16.Qf3 Bg4 17.Qg3 O-O-O 18.Nge2 Bxe2
19.Kxe2 0-1

[Event "Moscow Open 2009 B"]
[Site "www.moscowchessopen.ru"]
[Date "2009.02.06"]
[Round "7.136"]
[White "Kuritsin, Vasily M"]
[Black "Romanov, Stanislav"]
[Result "1-0"]
[WhiteElo "2058"]
[BlackElo "2058"]
[Annotator ""]
[Source ""]
[Remark ""]

1.e4 c5 2.Nc3 Nc6 3.Bc4 e6 4.f4 a6 5.a4 Nge7 6.d3 d5 7.Ba2 d4
8.Nce2 Ng6 9.Nf3 Be7 10.O-O O-O 11.c3 b5 12.axb5 axb5 13.f5 Nh4
14.Nxh4 Bxh4 15.Nf4 Re8 16.Qh5 Qg5 17.Qxg5 Bxg5 18.fxe6 Bxe6
19.Nxe6 Bxc1 20.Nc7 Be3+ 21.Kh1 c4 22.dxc4 Rac8 23.Nxe8 Rxe8
24.cxb5 Ne5 25.cxd4 Bxd4 1-0

[Event "Moscow Open 2009 B"]
[Site "www.moscowchessopen.ru"]
[Date "2009.02.06"]
[Round "7.137"]
[White "Glushkov, Lev"]
[Black "Schevnin, Leonid"]
[Result "1-0"]
[WhiteElo "1897"]
[BlackElo "1400"]
[Annotator ""]
[Source ""]
[Remark ""]

1.e4 c5 2.Nc3 Nc6 3.Bc4 e6 4.f4 a6 5.a4 Nge7 6.d3 d5 7.Ba2 d4
8.Nce2 Ng6 9.Nf3 Be7 10.O-O O-O 11.c3 b5 12.axb5 axb5 13.f5 Nh4
14.Nxh4 Bxh4 15.Nf4 Re8 16.Qh5 Qg5 17.Qxg5 Bxg5 18.fxe6 Bxe6
19.Nxe6 1-0

[Event "Moscow Open 2009 B"]
[Site "www.moscowchessopen.ru"]
[Date "2009.02.06"]
[Round "7.138"]
[White "Benza, Artem"]
[Black "Nikulin, Viktor"]
[Result "1-0"]
[WhiteElo "2298"]
[BlackElo "1978"]
[Annotator ""]
[Source ""]
[Remark ""]

1.e4 c5 2.Nf3 d6 3.d4 cxd4 4.Nxd4 Nf6 5.Nc3 a6 6.f3 e5 7.Nb3
Be7 8.Be3 Qc7 9.g4 h6 10.h4 Be6 11.Rg1 Nbd7 12.g5 Nh5 13.Qd2
hxg5 14.hxg5 Nb6 15.O-O-O g6 16.Rh1 O-O-O 17.Kb1 Kb8 18.Qe2 Nd7
{запись неясна} 1-0

[Event "Moscow Open 2009 B"]
[Site "www.moscowchessopen.ru"]
[Date "2009.02.06"]
[Round "7.139"]
[White "Kalinin, Anatoly"]
[Black "Zhuravlev, Dmitry"]
[Result "0-1"]
[WhiteElo "2293"]
[BlackElo "1975"]
[Annotator ""]
[Source ""]
[Remark ""]

1.d4 d5 2.Nf3 Nf6 3.c4 e6 4.Bg5 h6 5.Bh4 dxc4 6.e3 b5 7.Be2 Be7
8.O-O Nd5 9.Bxe7 Qxe7 10.Re1 Bb7 11.Nc3 O-O 12.e4 Nxc3 13.bxc3
c6 14.e5 Nd7 15.Nd2 c5 16.Bf3 Bxf3 17.Nxf3 Nb6 18.Re4 Nd5 19.Qd2
a5 20.dxc5 Qxc5 21.Rg4 Kh7 22.Rc1 Rad8 23.Rh4 Kg8 24.g4 Ne7 25.Qc2
Ng6 26.Rh3 Nf4 27.Rg3 Nd3 28.g5 h5 29.g6 Nxc1 30.Qxc1 fxg6 31.Qg5
Rf5 32.Qxg6 Qe7 33.Nh4 Rxe5 34.f4 Rd2 0-1

[Event "Moscow Open 2009 B"]
[Site "www.moscowchessopen.ru"]
[Date "2009.02.06"]
[Round "7.141"]
[White "Kondratiev, Vissarion L"]
[Black "Dragunov, Vladimir"]
[Result "1-0"]
[WhiteElo "2188"]
[BlackElo "1969"]
[Annotator ""]
[Source ""]
[Remark ""]

1.e4 c5 2.c3 d6 3.d4 cxd4 4.cxd4 Nf6 5.Nc3 g6 6.f4 e6 7.Nf3 b6
8.Bd3 Bg7 9.O-O O-O 10.Qe1 Nfd7 11.f5 e5 12.fxg6 fxg6 13.Bc4+
Kh8 14.Ng5 exd4 15.Rxf8+ Qxf8 16.Nf7+ Kg8 17.Qh4 Nf6 18.Nd5 Kxf7
19.Nxf6+ Be6 20.Nxh7 Qh8 21.Ng5+ Ke7 22.Qxh8 Bxh8 23.Nxe6 1-0

[Event "Moscow Open 2009 B"]
[Site "www.moscowchessopen.ru"]
[Date "2009.02.06"]
[Round "7.142"]
[White "Simkin, Alexander"]
[Black "Khazankin, Moisei"]
[Result "1-0"]
[WhiteElo "1957"]
[BlackElo "2180"]
[Annotator ""]
[Source ""]
[Remark ""]

1.e4 c5 2.Nf3 d6 3.d4 cxd4 4.Nxd4 Nf6 5.Nc3 g6 6.Be3 Bg7 7.f3
O-O 8.Qd2 Nc6 9.O-O-O Nxd4 10.Bxd4 Be6 11.Kb1 Qc7 12.h4 Rfc8
13.h5 Qa5 14.Nd5 Qxd2 15.Nxf6+ Bxf6 16.Rxd2 Bxd4 17.Rxd4 Rc5
18.hxg6 hxg6 19.Be2 Rac8 20.Rd2 f5 21.Bd3 Kg7 22.exf5 Bxf5 23.c3
Bxd3+ 24.Rxd3 Rg5 25.Re1 Kf6 26.Re2 {запись неясна} 1-0

[Event "Moscow Open 2009 B"]
[Site "www.moscowchessopen.ru"]
[Date "2009.02.06"]
[Round "7.143"]
[White "Menshikov, Alexander"]
[Black "Popov, Mikhail"]
[Result "1-0"]
[WhiteElo "2174"]
[BlackElo "1965"]
[Annotator ""]
[Source ""]
[Remark ""]

1.e4 e5 2.Nf3 Nc6 3.d4 exd4 4.Nxd4 Nf6 5.Nxc6 bxc6 6.e5 Qe7 7.Qe2
Nh5 8.c4 Ba6 9.g3 O-O-O 10.Bg2 g5 11.b3 Bg7 12.Bb2 h6 13.Nd2
{запись неясна} 1-0

[Event "Moscow Open 2009 B"]
[Site "www.moscowchessopen.ru"]
[Date "2009.02.06"]
[Round "7.144"]
[White "Antonov, Alexandr"]
[Black "Ovchinnikov, Andrey"]
[Result "1/2-1/2"]
[WhiteElo "2121"]
[BlackElo "1964"]
[Annotator ""]
[Source ""]
[Remark ""]

1.e4 e5 2.Nf3 Nf6 3.Nc3 Nc6 4.Bb5 Nd4 5.Bc4 Bc5 6.d3 d6 7.Nxd4
Bxd4 8.Bg5 h6 9.Bh4 c6 10.O-O Qe7 11.Qd2 Be6 12.Bxe6 Qxe6 13.Nd1
O-O-O 14.c3 Bb6 15.Qc2 d5 16.exd5 Qxd5 17.Bxf6 gxf6 18.Ne3 Qxd3
19.Rad1 Qxc2 20.Nxc2 Rxd1 21.Rxd1 Rd8 22.Rxd8+ Kxd8 23.Kf1 f5
24.Ke2 Ke7 25.f3 Bg1 26.h3 Ke6 27.Kd3 Bf2 28.c4 c5 29.b3 a6 30.a3
Kd6 31.Ke2 Bg1 32.Kd3 Ke6 33.b4 cxb4 34.axb4 Kd6 35.Na3 Bf2 36.Nc2
Kc6 37.g4 fxg4 38.hxg4 Kd6 39.Ke4 Ke6 40.c5 a5 41.bxa5 Bxc5 42.Ne1
Bb4 43.Nd3 Bxa5 44.Nc5+ Kf6 45.Nxb7 Bb4 46.Nd8 Bc3 1/2-1/2

[Event "Moscow Open 2009 B"]
[Site "www.moscowchessopen.ru"]
[Date "2009.02.06"]
[Round "7.145"]
[White "Radivilov, Igor"]
[Black "Gaboev, Batraz"]
[Result "0-1"]
[WhiteElo "1947"]
[BlackElo "2120"]
[Annotator ""]
[Source ""]
[Remark ""]

1.Nf3 Nf6 2.b3 d6 3.d4 g6 4.Bb2 Bg7 5.e3 O-O 6.Bd3 c5 7.c4 Nc6
8.a3 Bg4 9.d5 Ne5 10.Be2 Nxf3+ 11.Bxf3 Bxf3 12.Qxf3 b5 13.Bc3
Rb8 14.Nd2 e5 15.e4 Bh6 16.O-O b4 17.axb4 cxb4 18.Bb2 Bxd2 19.Rxa7 0-1

[Event "Moscow Open 2009 B"]
[Site "www.moscowchessopen.ru"]
[Date "2009.02.06"]
[Round "7.146"]
[White "Dubov, Alexandr"]
[Black "Saraev, Anton"]
[Result "1-0"]
[WhiteElo "1903"]
[BlackElo "2119"]
[Annotator ""]
[Source ""]
[Remark ""]

1.d4 Nf6 2.Nf3 g6 3.g3 Bg7 4.Bg2 O-O 5.O-O d6 6.c4 Nbd7 7.Qc2
c5 8.Rd1 cxd4 9.Nxd4 a6 10.Nc3 Qc7 11.b3 Rb8 12.Bb2 b5 13.Nc6
bxc4 14.Nxe7+ Kh8 15.Ncd5 Qc5 16.b4 Rxb4 17.Bd4 Qxd4 18.Rxd4 1-0

[Event "Moscow Open 2009 B"]
[Site "www.moscowchessopen.ru"]
[Date "2009.02.06"]
[Round "7.147"]
[White "Leonov, Dmitry"]
[Black "Buvaltsev, Andrey"]
[Result "1-0"]
[WhiteElo "1892"]
[BlackElo "2110"]
[Annotator ""]
[Source ""]
[Remark ""]

1.d4 e6 2.Nf3 f5 3.Bg5 Nf6 4.Nbd2 d5 5.Ne5 Bd6 6.Ndf3 O-O 7.c3
b6 8.e3 c5 9.Bd3 Bb7 10.g4 cxd4 11.exd4 h6 12.Bh4 Qe8 13.g5 Bxe5
14.Nxe5 hxg5 15.Bxg5 Qh5 16.Qxh5 Nxh5 17.O-O-O Nc6 18.Rde1 Nxe5
19.Rxe5 Bc8 20.Rhe1 Bd7 21.Kd2 Nf6 22.f3 Kf7 23.c4 Rh8 24.h4
dxc4 25.Bxc4 Rac8 26.Bxe6+ Bxe6 27.Rxe6 Ne4+ 28.R6xe4 fxe4 29.fxe4
Rc4 30.Kd3 1-0

[Event "Moscow Open 2009 B"]
[Site "www.moscowchessopen.ru"]
[Date "2009.02.06"]
[Round "7.148"]
[White "Krylov, Ivan"]
[Black "Samatov, Anatolij"]
[Result "1-0"]
[WhiteElo "1877"]
[BlackElo "2098"]
[Annotator ""]
[Source ""]
[Remark ""]

1.e4 c5 2.Nf3 e6 3.c3 d5 4.e5 d4 5.cxd4 cxd4 6.Bb5+ Nc6 7.Bxc6+
bxc6 8.Qa4 Qb6 9.Nxd4 Ba6 10.Nc3 Rc8 11.Nde2 Nh6 12.O-O Nf5 13.d4
Rd8 14.Be3 Nxe3 15.fxe3 Be7 16.a3 O-O 17.b4 Bg5 18.Rf3 Bb5 19.Qc2
Qa6 20.Nxb5 cxb5 21.Qe4 Rc8 22.Qg4 Rc2 23.Ng3 Bh6 24.Nh5 Kh8
25.Rg3 Qc6 26.Rf1 Rc1 27.Qf3 Qc3 28.h3 Qxa3 29.Nxg7 Rxf1+ 30.Qxf1
Bxe3+ 31.Kh2 Qc1 32.Qxc1 Bxc1 33.Nh5 Rg8 34.Rf3 Rg5 35.g4 Bb2
36.Rf4 Rg8 37.Kg2 Rd8 38.Rxf7 Kg8 39.Rxa7 Rxd4 40.Nf6+ Kf8 41.Ra8+
Kf7 42.Ra7+ Kg6 43.Rxh7 1-0

[Event "Moscow Open 2009 B"]
[Site "www.moscowchessopen.ru"]
[Date "2009.02.06"]
[Round "7.149"]
[White "Grigoriev, Radimir"]
[Black "Krutov, Sergey"]
[Result "1-0"]
[WhiteElo "2065"]
[BlackElo "1899"]
[Annotator ""]
[Source ""]
[Remark ""]

1.e4 e5 2.Nf3 Nf6 3.Nxe5 d6 4.Nf3 Nxe4 5.Qe2 Qe7 6.d3 Nf6 7.Bg5
Qxe2+ 8.Bxe2 Be7 9.Nc3 c6 10.O-O-O Na6 11.Ne4 Nc7 12.Nxf6+ gxf6
13.Bh6 Be6 14.Nd2 O-O-O 15.Ne4 Rhg8 16.Rhg1 f5 17.Nc3 Ne8 18.Be3
Kb8 19.d4 Nf6 20.f3 Ka8 21.Bd3 d5 22.Ne2 Nh5 23.g3 Rde8 24.Kd2
b6 25.Nf4 Nxf4 26.Bxf4 c5 27.c3 Bd7 28.Be3 c4 29.Bc2 a5 30.Bf4
h5 31.Rde1 h4 32.a3 hxg3 33.hxg3 Be6 34.Ba4 Rc8 35.Ke2 Ka7 36.Kf2
b5 37.Bc2 Rge8 38.Be5 Kb7 39.Rh1 Kc6 40.Rh7 Rcd8 41.Reh1 b4 42.R1h5
Kb5 43.Bxf5 a4 44.Ke2 Bxf5 45.Rxf5 f6 46.Bf4 Bd6+ 47.Kf2 Bxf4
48.gxf4 {запись неясна} 1-0

[Event "Moscow Open 2009 B"]
[Site "www.moscowchessopen.ru"]
[Date "2009.02.06"]
[Round "7.150"]
[White "Kurnaev, Vladimir"]
[Black "Shubin, Gennady"]
[Result "1-0"]
[WhiteElo "2063"]
[BlackElo "1913"]
[Annotator ""]
[Source ""]
[Remark ""]

1.d4 d5 2.Nf3 Nf6 3.e3 Nbd7 4.c4 c6 5.Nc3 dxc4 6.Bxc4 Nb6 7.Bb3
Bf5 8.O-O e6 9.Re1 Bb4 10.a3 Ba5 11.Nd2 O-O 12.f3 Nbd5 13.Na4
Bg6 14.Qe2 Re8 15.e4 Nb6 16.Qf2 Nxa4 17.Bxa4 e5 18.b4 Bb6 19.Nb3
exd4 20.Bb2 d3 21.Nc5 a5 22.Rec1 axb4 23.axb4 Nh5 24.g3 Nf6 25.Bb3
Rxa1 26.Bxa1 Qa8 27.Qd4 Rd8 28.Qc3 Rd7 29.Kg2 Bxc5 30.bxc5 Qd8
31.Rd1 Kh8 32.Rd2 Nh5 33.Bb2 Qg5 34.Kf2 h6 35.Bd1 Bh7 36.Kg2
Nf6 37.Kh3 Ne8 38.g4 Qg6 39.Rxd3 Qe6 40.Bb3 Qe7 41.Rxd7 Qxd7
42.Qe5 Kg8 43.Qf4 Kf8 44.Kg3 Bg8 45.e5 Qd3 1-0

[Event "Moscow Open 2009 B"]
[Site "www.moscowchessopen.ru"]
[Date "2009.02.06"]
[Round "7.151"]
[White "Bocharnikov, Oleg"]
[Black "Glazkov, Arseny"]
[Result "1/2-1/2"]
[WhiteElo "1829"]
[BlackElo "2055"]
[Annotator ""]
[Source ""]
[Remark ""]

1.Nf3 Nf6 2.d4 e6 3.c4 b6 4.g3 Ba6 5.Qc2 c5 6.d5 exd5 7.cxd5
Be7 8.e4 Bxf1 9.Kxf1 d6 10.Nc3 O-O 11.Kg2 Nbd7 12.Re1 a6 13.a4
Re8 14.b3 Qc7 15.Bb2 Ng4 16.Qd2 Bf6 17.Rac1 Rab8 18.h3 Nge5 19.Nh2
b5 20.f4 Ng6 21.Ng4 b4 22.Ne2 Bxb2 23.Qxb2 Rxe4 24.Nd4 Rbe8 25.Nf2
Re3 26.Nf5 Rc3 27.Rxc3 bxc3 28.Qxc3 f6 29.Re6 Rb8 30.Qe3 Ndf8
31.h4 h5 32.Qf3 Qd7 33.Qxh5 Rxb3 34.Ng4 c4 35.Ngh6+ Kh7 36.Nf7+
Kg8 37.N5h6+ 1/2-1/2

[Event "Moscow Open 2009 B"]
[Site "www.moscowchessopen.ru"]
[Date "2009.02.06"]
[Round "7.152"]
[White "Kvasov, Sergey"]
[Black "Galynin, Dmitri"]
[Result "1-0"]
[WhiteElo "1850"]
[BlackElo "2049"]
[Annotator ""]
[Source ""]
[Remark ""]

1.e4 e6 2.Nc3 d5 3.Nf3 dxe4 4.Nxe4 Nf6 5.Nxf6+ Qxf6 6.d4 h6 7.Bd3
Nc6 8.c3 Bd6 9.O-O O-O 10.Nd2 Qd8 11.f4 Be7 12.Nc4 Rb8 13.Ne5
Nxe5 14.fxe5 c5 15.Qg4 f5 16.exf6 Rxf6 17.Rxf6 Bxf6 18.Bxh6 Kf8
19.Rf1 1-0

[Event "Moscow Open 2009 B"]
[Site "www.moscowchessopen.ru"]
[Date "2009.02.06"]
[Round "7.153"]
[White "Cherny, Oleg"]
[Black "Abdrakhmanov, Ramiss"]
[Result "1-0"]
[WhiteElo "2043"]
[BlackElo "1863"]
[Annotator ""]
[Source ""]
[Remark ""]

1.e4 c5 2.Nf3 e6 3.d4 cxd4 4.Nxd4 Nf6 5.Bd3 d6 6.O-O Be7 7.Kh1
a6 8.c4 O-O 9.f4 Qc7 10.Nc3 Nc6 11.Nxc6 bxc6 12.Qe2 Rd8 13.e5
Ne8 14.Ne4 h6 15.Bd2 Bf8 16.Rf3 d5 17.cxd5 exd5 18.Nf2 g6 19.f5
f6 20.exf6 Nxf6 21.fxg6 Bg7 22.Bxh6 Re8 23.Qf1 Bxh6 24.Rxf6 Qe5
25.Rxc6 Bb7 26.Ng4 Qg7 27.Nxh6+ Qxh6 28.Qf7+ Kh8 29.g7+ Qxg7
30.Qh5+ 1-0

[Event "Moscow Open 2009 B"]
[Site "www.moscowchessopen.ru"]
[Date "2009.02.06"]
[Round "7.154"]
[White "Mazurov, Arslan"]
[Black "Firstov, Pavel"]
[Result "0-1"]
[WhiteElo "1553"]
[BlackElo "2043"]
[Annotator ""]
[Source ""]
[Remark ""]

1.e4 c5 2.Nf3 e6 3.d4 cxd4 4.Nxd4 Nc6 5.Nc3 Qc7 6.g3 a6 7.Bg2
Nf6 8.O-O Be7 9.Kh1 O-O 10.f4 d6 11.Be3 Bd7 12.a3 Rac8 13.g4
Nxd4 14.Bxd4 e5 15.fxe5 dxe5 16.g5 exd4 17.gxf6 dxc3 18.fxe7
Rfe8 19.bxc3 Rxe7 20.Rb1 Bc6 21.Qg4 Rce8 22.Rg1 Qe5 23.Rbe1 Re6
24.Re3 Rg6 25.Qf3 Rge6 26.Rd1 {запись неясна} 0-1

[Event "Moscow Open 2009 B"]
[Site "www.moscowchessopen.ru"]
[Date "2009.02.06"]
[Round "7.155"]
[White "Kreines, Mikhail"]
[Black "Ramazashvili, Rainer"]
[Result "0-1"]
[WhiteElo "2041"]
[BlackElo "1841"]
[Annotator ""]
[Source ""]
[Remark ""]

1.d4 e6 2.e4 c5 3.d5 exd5 4.exd5 d6 5.Bd3 Nf6 6.h3 a6 7.c4 Be7
8.Nc3 O-O 9.Nf3 Re8 10.O-O Nbd7 11.Re1 Nf8 12.Be3 Bd7 13.a3 Qc7
14.b4 cxb4 15.axb4 b5 16.Ne2 Ng6 {запись неясна} 0-1

[Event "Moscow Open 2009 B"]
[Site "www.moscowchessopen.ru"]
[Date "2009.02.06"]
[Round "7.156"]
[White "Zaitsev, Vladimir"]
[Black "Malov, Lev"]
[Result "1/2-1/2"]
[WhiteElo "1780"]
[BlackElo "2036"]
[Annotator ""]
[Source ""]
[Remark ""]

1.c4 Nc6 2.Nc3 Nf6 3.g3 e6 4.Bg2 Bb4 5.d4 d5 6.c5 O-O 7.a3 Bxc3+
8.bxc3 e5 9.e3 Re8 10.Ne2 Bg4 11.Bb2 exd4 12.cxd4 Na5 13.O-O
Nc4 14.Bc3 Qe7 15.Qd3 Nxe3 16.fxe3 Qxe3+ 17.Qxe3 Rxe3 18.Nf4
Rxc3 19.Nxd5 Nxd5 20.Bxd5 c6 21.Bxf7+ Kh8 22.Rf4 Rf8 23.Re1 g5
24.Be6 Bxe6 25.Rxf8+ 1/2-1/2